LEADER 00900nam a2200217 i 4500 001 000000117605 003 CaOOAMICUS 005 20030903000000.0 008 030903s1993 it u000 u ita u 013 $a90294 040 $aSeMil$bita 100 1 $aLivetti, Claudio <1931->.$0(OLS)http://semarc/name/32559 245 12$aI sette vizi capitali :$bConversazioni radiofoniche /$cClaudio Livetti. 260 $aBusto Arsizio :$bLibreria Basilica Busto Arsizio,$c1993. 300 $a49 p. ;$c24 cm. 650 4$aVizi.$0(OLS)http://semarc/subject/3389 850 $aSeMil 852 $aSeMil$W1$xVenegono$y1$m598 88 2 *$j72971$B72971$CSeMilBibl$Z2$F76252 $81 961 $aOmaggio: Asti don Giuseppe 996 $6245$aI sette vizi capitali :$bConversazioni radiofoniche$9(OLS)http://semarc/title/172645 996 $6260$aBusto Arsizio :$bLibreria Basilica Busto Arsizio$9(OLS)http://semarc/publisher/45718 LEADER 01302nam a2200229 i 4500 001 000000210003 003 CaOOAMICUS 005 20120110000000.0 008 120110s1548 xx u000 u lat u 013 $a188795 040 $aSeMil$bita 245 10$aIn omnes D. Pauli Apostoli Epistolas enarrationes per [Joannem Lonicerum] fidelissime in latinum conversae. 260 $aParigi :$bapud Jacobum Bogardum,$c1548. 300 $a10 x 17 ;$ccc. 420 ;$crom. 500 $aIl nome del traduttore è cancellato in modo da renderlo quasi illeggibile. - Descrizione da : Incunaboli e Cinquecentine della Biblioteca del Seminario di Milano / catalogo a cura di Ubaldo Valentini, Milano 1981. - Numero di catalogo : 1555. 650 4$aCinquecentine.$0(OLS)http://semarc/subject/1297 650 4$aMilano (Ducato) - Statuti.$0(OLS)http://semarc/subject/11012 700 0 $aTheophylactus,$c.$0(OLS)http://semarc/name/14476 850 $aSeMil 852 $aSeMil$W1$xVenegono$y1$mFV.D V 37/1$j160454$B160454$CSeMilBibl$Z2$F171419 $86 996 $6245$aIn omnes D. Pauli Apostoli Epistolas enarrationes per [Joannem Lonicerum] fidelissime in latinum conversae$9(OLS)http://semarc/title/303625 996 $6260$aParigi :$bapud Jacobum Bogardum$9(OLS)http://semarc/publisher/52455